000 00496nam a2200205Ia 4500
003 OSt
005 20221005125203.0
006 a|||||r|||| 00| 0
007 ta
008 221004b |||||||| |||| 00| 0 eng d
024 _a118426
037 _cTextual
040 _aCRL
_cCRL
_beng
041 _2eng
_aeng
100 _aPriyamvada Usha
245 0 _aPachpan khambe Lal Diware
650 _aHINDI LITERATURE
_923866
942 _cTEXL
_2cc
999 _c1053198
_d1053198